Who Said It? Quiz Stats

 Plays Quiz not verified by Sporcle

Challenge
Share
Tweet
Embed
Score 0/20 Timer 03:00
0 Plays Today
% Correct
Mother Teresa
71%
Eleanor Roosevelt
67.7%
J. K. Rowling
64.5%
Friedrich Nietzsche
61.3%
Charles M. Schulz
61.3%
George Orwell
61.3%
Mark Twain
58.1%
Oscar Wilde
58.1%
C.S. Lewis
58.1%
Robert Frost
54.8%
% Correct
Pablo Picasso
54.8%
Stephen King
54.8%
Edgar Allen Poe
54.8%
Benjamin Franklin
54.8%
Bill Watterson
51.6%
J.M. Barrie
51.6%
Charlotte Bronte
51.6%
Roald Dahl
48.4%
Jonathan Swift
48.4%
Paulo Coelho
45.2%

You're not logged in!

Compare scores with friends on all Sporcle quizzes.
OR
Log In

You Might Also Like...

Show Comments

Extras

Top Quizzes Today


Score Distribution

Your Account Isn't Verified!

In order to create a playlist on Sporcle, you need to verify the email address you used during registration. Go to your Sporcle Settings to finish the process.

Report this User

Report this user for behavior that violates our Community Guidelines.

Details: